Eredivisie Ranking 2024/2025 - Statistics

General Stats
  • This quiz has been taken 68 times
  • The average score is 15 of 18
Answer Stats
Points Club % Correct
78 Amsterdamsche Football Club Ajax
100%
79 Philips Sport Vereniging
100%
68 Feyenoord Rotterdam
98%
64 Football Club Utrecht
93%
57 Alkmaar Zaanstreek-combinatie
91%
54 Football Club Twente
89%
39 (-4) Sparta Rotterdam
89%
39 (-13) Football Club Groningen
86%
43 (-15) Sportclub Heerenveen
86%
43 (+5) Nijmegen Eendracht Combinatie
82%
41 (-17) Fortuna Sittard
79%
51 Go Ahead Eagles
79%
33 Nooit Opgeven Altijd Doorzetten Aangenaam Door Vermaak En Nuttig Door Ontspanning Combination
79%
38 Heracles Almelo
77%
22 Almere City Football Club
75%
41 (-8) Prins Hendrik Ende Desespereert Nimmer Combinatie Zwolle
74%
26 Willem II
74%
25 Rooms Katholieke Combinatie Waalwijk
63%
No matching quizzes found
Score Distribution
Percent of People with Each Score
Percentile by Number Answered
Your Score History
You have not taken this quiz